| 000 | 00585cam a22002177i 4500 | ||
|---|---|---|---|
| 999 |
_c4620 _d4620 |
||
| 001 | 411460 | ||
| 003 | GBCCL | ||
| 005 | 20241126110522.0 | ||
| 008 | 801021s1980 tnu 000 0 eng | ||
| 010 | _a 80066228 | ||
| 020 | _a0805415238 | ||
| 040 |
_aDLC _cDLC _dDLC |
||
| 050 | 0 | 0 | _aMLCS 81/2969 |
| 082 |
_a231.8 _bATK |
||
| 100 | 1 |
_aAtkinson, Franklin. _98503 |
|
| 245 | 1 | 0 |
_aGod's goodness / _cFranklin Atkinson. |
| 260 |
_aNashville, Tenn. : _bBroadman Press, _cc1980. |
||
| 300 | _a126 p. ; 20 cm. | ||
| 906 |
_a7 _bcbc _corignew _d4 _eopcn _f19 _gy-gencatlg |
||
| 942 |
_2ddc _cBK _01 |
||